<?xml version="1.0" encoding="UTF-8"?>
<record
    xmlns:xsi="http://www.w3.org/2001/XMLSchema-instance"
    xsi:schemaLocation="http://www.loc.gov/MARC21/slim http://www.loc.gov/standards/marcxml/schema/MARC21slim.xsd"
    xmlns="http://www.loc.gov/MARC21/slim">

  <leader>01210nam a22002657a 4500</leader>
  <controlfield tag="003">OSt</controlfield>
  <controlfield tag="005">20250323204305.0</controlfield>
  <controlfield tag="008">250307b           ||||| |||| 00| 0 eng d</controlfield>
  <datafield tag="040" ind1=" " ind2=" ">
    <subfield code="b">English.</subfield>
    <subfield code="c">CvSU-CCAT Campus Library.</subfield>
    <subfield code="e">rda.</subfield>
  </datafield>
  <datafield tag="050" ind1=" " ind2=" ">
    <subfield code="a">UM HF 5381</subfield>
    <subfield code="b">C38 2010</subfield>
  </datafield>
  <datafield tag="100" ind1=" " ind2=" ">
    <subfield code="a">Catuiran, Mary Ann S., author.</subfield>
    <subfield code="9">14788</subfield>
  </datafield>
  <datafield tag="245" ind1=" " ind2=" ">
    <subfield code="a">Employability of Associate in Computer Technology Graduates of Cavite State University Rosario Campus S.Y. 2003-2004 to 2007-2008</subfield>
    <subfield code="c">Mary Ann S. Catuiran and Maria Theresa P. Santos</subfield>
  </datafield>
  <datafield tag="260" ind1=" " ind2=" ">
    <subfield code="a">Rosario, Cavite :</subfield>
    <subfield code="b">Cavite State University-CCAT Campus,</subfield>
    <subfield code="c">2010</subfield>
  </datafield>
  <datafield tag="300" ind1=" " ind2=" ">
    <subfield code="a">xii, 37 leaves :</subfield>
    <subfield code="b">illustrations ;</subfield>
    <subfield code="c">28 cm</subfield>
  </datafield>
  <datafield tag="500" ind1=" " ind2=" ">
    <subfield code="a">Undergraduate Thesis (BSIE Major in Girls Trades) -- Cavite State University-CCAT Campus, 2010.</subfield>
  </datafield>
  <datafield tag="504" ind1=" " ind2=" ">
    <subfield code="a">Includes bibliographical references and appendices.</subfield>
  </datafield>
  <datafield tag="546" ind1=" " ind2=" ">
    <subfield code="a">In English text</subfield>
  </datafield>
  <datafield tag="650" ind1=" " ind2=" ">
    <subfield code="a">Graduate -- Employment.</subfield>
    <subfield code="9">15370</subfield>
  </datafield>
  <datafield tag="650" ind1=" " ind2=" ">
    <subfield code="a">Associate in Computer Technology (ACT).</subfield>
    <subfield code="9">15374</subfield>
  </datafield>
  <datafield tag="650" ind1=" " ind2=" ">
    <subfield code="a">Employability.</subfield>
    <subfield code="9">9503</subfield>
  </datafield>
  <datafield tag="700" ind1=" " ind2=" ">
    <subfield code="a">Santos, Maria Theresa P., author.</subfield>
    <subfield code="9">14789</subfield>
  </datafield>
  <datafield tag="700" ind1=" " ind2=" ">
    <subfield code="a">Nepomuceno, Lucena C., adviser.</subfield>
    <subfield code="9">13188</subfield>
  </datafield>
  <datafield tag="942" ind1=" " ind2=" ">
    <subfield code="2">lcc</subfield>
    <subfield code="c">T/M/D</subfield>
    <subfield code="k">UM</subfield>
    <subfield code="h">HF 5381 C38 2010</subfield>
  </datafield>
  <datafield tag="999" ind1=" " ind2=" ">
    <subfield code="c">3930</subfield>
    <subfield code="d">3930</subfield>
  </datafield>
  <datafield tag="952" ind1=" " ind2=" ">
    <subfield code="0">0</subfield>
    <subfield code="1">0</subfield>
    <subfield code="2">lcc</subfield>
    <subfield code="4">0</subfield>
    <subfield code="7">0</subfield>
    <subfield code="8">UM</subfield>
    <subfield code="a">CCATLIB</subfield>
    <subfield code="b">CCATLIB</subfield>
    <subfield code="c">TH</subfield>
    <subfield code="d">2010-04-29</subfield>
    <subfield code="f">UM</subfield>
    <subfield code="o">UM HF 5381 C38 2010</subfield>
    <subfield code="p">T0000515</subfield>
    <subfield code="r">2025-10-24 00:00:00</subfield>
    <subfield code="t">1</subfield>
    <subfield code="w">2025-03-07</subfield>
    <subfield code="y">T/M/D</subfield>
  </datafield>
</record>
